[Event "Olympiad Women 2024"]
[Site "Budapest HUN"]
[Date "2024.09.19"]
[Round "8.73"]
[Board "1"]
[White "Al Aisaee, Anat"]
[Black "Magne Kouokam Sylviane"]
[Result "1-0"]
[WhiteElo "1608"]
[BlackElo "1587"]
[PlyCount "111"]
[EventDate "2024.09.11"]
[WhiteTeam "Oman"]
[BlackTeam "Cameroon"]
[WhiteTeamCountry "OMN"]
[BlackTeamCountry "CAM"]

1. e4 e5 2. Nf3 Nc6 3. Bb5 d6 4. O-O Be7 5. d4 exd4 6. Nxd4 Bd7 7. Nxc6 ({RR} 7. Bxc6 bxc6 8. Qf3 c5 9. Nf5 Bf6 10. Nc3 Ne7 11. Nxe7 Bxe7 12. Bf4 O-O 13. e5 Rb8 14. b3 Be6 15. Rad1 Rb4 16. exd6 cxd6 17. Nd5 Bxd5 18. Rxd5 c4 19. Qc3 Rb7 20. Qxc4 Qa8 21. Bxd6 Rc8 {1-0 Gross,D (2485)-Salzmann,P (2209) Bundesliga 0809 2008 (11.8)}) 7... bxc6 8. Bd3 $146 ({RR} 8. Bc4 Bf6 9. Re1 Ne7 10. Bf4 Ng6 11. Bc1 O-O 12. c3 Ne5 13. Bb3 Be6 14. Bxe6 fxe6 15. f4 Nf7 16. Nd2 e5 17. Nf3 Kh8 18. Qb3 Qe7 19. Be3 exf4 20. Bxf4 Ne5 21. Rad1 Nxf3+ 22. gxf3 Bh4 {0-1 Korolev,N-Kristensen,P DEN Winter class-A 9900 1999 (6)}) ({RR} 8. Ba4 Nf6 9. Nc3 O-O 10. Re1 c5 11. Bxd7 Nxd7 12. Nd5 Nb6 13. Nxe7+ Qxe7 14. b3 a5 15. a4 c4 16. Bb2 cxb3 17. cxb3 Qe6 18. Re3 f6 19. Rc1 Rf7 20. f3 Rb8 21. Ba1 Na8 22. Rec3 c5 {1-0 Castella Garcia,F (2320)-Tqebuchava,Z (2303) Titled Tue 12th Sep Late 2023 (1)}) ({RR} 8. Bc4 Nf6 9. Nc3 O-O 10. h3 Be6 11. Bb3 Qd7 12. f4 Bxb3 13. axb3 Rfd8 14. Qf3 h6 15. Be3 a6 16. Rad1 Rf8 17. e5 Nh7 18. f5 f6 19. e6 Qe8 20. Rd4 Ng5 21. Qg3 Kh8 22. h4 Nh7 {1-0 Maduro,S (2230)-Hanemaaijer,T Olympiad-34 Istanbul 2000 (7.4)}) ({RR} 8. Bc4 Nf6 9. Nc3 O-O 10. b3 Be6 11. Bd3 Nd7 12. Bb2 d5 13. exd5 cxd5 14. Nxd5 Bxd5 15. Qh5 g6 16. Qxd5 Bf6 17. Bxf6 Nxf6 18. Qc4 Qd6 19. a4 a5 20. Rad1 Qb6 21. Rd2 Rad8 22. Rfd1 Rd4 {1-0 Gabriel,G-Guenter,B Ost Westfalen Lippe-ch U18 1963}) 8... Nf6 9. Nd2 O-O 10. h3 c5 11. b3 Bc6 12. Bb2 d5 13. Re1 d4 14. Nc4 Nd7 15. Na5 Nb8 16. Nxc6 Nxc6 17. e5 f5 18. Bc4+ Kh8 19. Qf3 Nb4 20. Re2 c6 21. Rd1 Rc8 22. a3 Nd5 23. Rd3 Bg5 24. Rd1 Nf4 25. Ree1 Qe7 26. Bc1 Ng6 27. Bxg5 Qxg5 28. Qg3 Qe7 29. e6 Qf6 30. Qd6 Qg5 31. Kh1 Nf4 32. Bf1 Qh6 33. a4 Rfe8 34. Qxc5 Nxe6 35. Qxa7 Qf4 36. Kg1 c5 37. Qd7 Qc7 38. Bb5 Rcd8 39. Qxc7 Nxc7 40. Bxe8 Nxe8 41. a5 h6 42. Re5 Rc8 43. Rxf5 Nd6 44. Rd5 Nb5 45. Rd7 Re8 46. Kf1 Ra8 47. Ra1 Kh7 48. a6 Kg6 49. a7 Nxa7 50. Raxa7 Rg8 51. Rac7 Kf5 52. Rxg7 Rxg7 53. Rxg7 Ke4 54. Ke2 Kd5 55. Kd3 Kc6 56. f4 1-0

[Event "Olympiad Women 2024"]
[Site "Budapest HUN"]
[Date "2024.09.19"]
[Round "8.73"]
[Board "2"]
[White "Danwe Maissiri Carole"]
[Black "Al Balushi, Mariya"]
[Result "0-1"]
[WhiteElo "1456"]
[BlackElo "1561"]
[PlyCount "72"]
[EventDate "2024.09.11"]
[WhiteTeam "Cameroon"]
[BlackTeam "Oman"]
[WhiteTeamCountry "CAM"]
[BlackTeamCountry "OMN"]

1. e4 e5 2. Nf3 Nc6 3. Bc4 Nf6 4. d3 Bc5 5. c3 Qe7 6. O-O d6 7. a4 ({RR} 7. h3 h6 8. Re1 Bb6 9. Nbd2 g5 10. Bb5 g4 11. hxg4 Nxg4 12. d4 Bd7 13. Nc4 Rg8 14. a4 a6 15. Nxb6 cxb6 16. Bf1 Qf6 17. b3 Ne7 18. dxe5 Nxe5 19. Nxe5 dxe5 20. Ba3 Rg6 21. Re3 Bg4 {½-½ Nikitin,A (2445)-Gorelov,S (2505) Moscow op 1994 (5)}) 7... a6 ({RR} 7... a5 8. Nbd2 Ba7 9. Re1 Ng4 10. Re2 Be6 11. Qb3 Nd8 12. Nf1 h6 13. Be3 Nxe3 14. fxe3 O-O 15. Ng3 Bg4 16. Rf1 Ne6 17. Ree1 Nc5 18. Qc2 Be6 19. Bxe6 fxe6 20. d4 exd4 21. exd4 Nd7 22. e5 {1-0 Ruba Al-Qudah (1711)-Shubhi Gupta (1902) Asian Youth Girls U16 2023 (3.5)}) 8. Re1 Bg4 9. Be3 $146 ({RR} 9. Nbd2 Nd8 10. h3 Bh5 11. Nf1 Ne6 12. Ng3 Bxf3 13. Qxf3 g6 14. Bh6 Ng8 15. Bd2 Qf6 16. Qxf6 Nxf6 17. Rf1 Nd7 18. Kh2 O-O 19. Bh6 Rfe8 20. Bb3 Ba7 21. Rae1 Rad8 22. f4 exf4 23. Bxf4 Ndc5 {1-0 Bosboom,M (2380)-Lytchak,A (2220) Muenster op 1994 (7)}) 9... O-O 10. Nbd2 Rad8 11. Qb3 Na5 12. Qa2 Nxc4 13. Qxc4 Be6 14. Nxe5 Bxc4 15. Nexc4 Bxe3 16. Rxe3 Ng4 17. Rg3 Ne5 18. Ne3 Qe6 19. Nf5 g6 20. d4 Nd7 21. d5 Qe5 22. Re1 b5 23. Nf3 Qf6 24. Nh6+ Kh8 25. Ng4 Qg7 26. Ng5 Ne5 27. Rh3 Nxg4 28. Rxh7+ Qxh7 29. Nxh7 Kxh7 30. f3 Ne5 31. axb5 axb5 32. Rd1 Ra8 33. Kf2 Ra2 34. Kg3 Rxb2 35. f4 Nc4 36. Kg4 Ne3+ 0-1

[Event "Olympiad Women 2024"]
[Site "Budapest HUN"]
[Date "2024.09.19"]
[Round "8.73"]
[Board "3"]
[White "Al Nadabi, Yomna"]
[Black "Tchouateu Tankeu Stephanie"]
[Result "1-0"]
[WhiteElo "1612"]
[BlackElo "1565"]
[PlyCount "41"]
[EventDate "2024.09.11"]
[WhiteTeam "Oman"]
[BlackTeam "Cameroon"]
[WhiteTeamCountry "OMN"]
[BlackTeamCountry "CAM"]

1. d4 d5 2. Bf4 Nf6 3. e3 Bf5 4. Nf3 Nc6 5. Nbd2 ({RR} 5. Be2 h6 6. Ne5 Nxe5 7. Bxe5 e6 8. Bxf6 Qxf6 9. c4 Qg6 10. O-O c6 11. Qb3 Rb8 12. c5 Be7 13. Nd2 O-O 14. Kh1 b6 15. Qa3 bxc5 16. dxc5 Bf6 17. Nb3 a5 18. Nd4 Bxd4 19. exd4 Rb4 {0-1 Lagrotteria,S (2215)-Caruso,A (2265) Verona op 1997 (4)}) 5... e6 6. c3 ({RR} 6. Bd3 Bxd3 7. cxd3 Bb4 8. O-O Bd6 9. Bxd6 Qxd6 10. Qe2 O-O-O 11. Rac1 Rhe8 12. Nb3 e5 13. dxe5 Nxe5 14. Nxe5 Rxe5 15. d4 Rh5 16. g3 Qd7 17. Qc2 Kb8 18. Nc5 Qh3 19. Na6+ bxa6 20. Qxc7+ Ka8 {1-0 Fernandez,J (1114)-Ubieto Cosials,J (1203) Colonia de Sant Jordi op-B 2022 (3)}) 6... Be7 7. Be2 O-O $146 ({RR} 7... a6 8. O-O O-O 9. Nh4 Ne4 10. Nxf5 exf5 11. Qc2 Bd6 12. Bxd6 Qxd6 13. Nxe4 fxe4 14. c4 Rfe8 15. cxd5 Qxd5 16. Bc4 Qh5 17. Qb3 Na5 18. Qc2 Nxc4 19. Qxc4 Rac8 20. f3 Re6 21. fxe4 Rc6 22. Qd3 {0-1 Luduena Utrera,P-Fiora,E ARG-ch U10 sf1 2004 (4)}) 8. h4 h6 9. Ne5 Nxe5 10. dxe5 Nd7 11. g4 Be4 12. Nxe4 Bxh4 13. g5 hxg5 14. Nxg5 Bxg5 15. Bd3 g6 16. Qg4 Bxf4 17. exf4 Kg7 18. O-O-O c5 19. Rdg1 Nf6 20. Qg5 Ne4 21. Qh6+ 1-0

[Event "Olympiad Women 2024"]
[Site "Budapest HUN"]
[Date "2024.09.19"]
[Round "8.74"]
[Board "2"]
[White "Alazemi, Aisha"]
[Black "Kponsou, Afiwa"]
[Result "0-1"]
[WhiteElo "1539"]
[BlackElo "1453"]
[PlyCount "68"]
[EventDate "2024.09.11"]
[WhiteTeam "Kuwait"]
[BlackTeam "Togo"]
[WhiteTeamCountry "KUW"]
[BlackTeamCountry "TOG"]

1. e4 g6 2. d4 Bg7 3. Nf3 d6 4. c3 Nf6 5. Bd3 a6 6. h3 ({RR} 6. O-O O-O 7. Be3 Nbd7 8. Nbd2 e5 9. h3 Re8 10. a4 c6 11. Qc2 Qc7 12. Rfe1 a5 13. Rad1 h6 14. Qc1 Kh7 15. Nc4 Rb8 16. dxe5 dxe5 17. Bf1 Bf8 18. b4 axb4 19. cxb4 Bxb4 20. Bxh6 Bxe1 {1-0 Sanal,V (2572)-Nozdrachev,L (2372) Titled Arena Apr 3rd blitz 2021}) 6... O-O $146 ({RR} 6... Nc6 7. O-O O-O 8. Be3 e5 9. d5 Ne7 10. a4 Nh5 11. c4 Nf4 12. Bc2 Bh6 13. Nc3 g5 14. Nh2 Bg7 15. Bxf4 gxf4 16. Qh5 Ng6 17. a5 Qh4 18. Qxh4 Nxh4 19. f3 h5 20. Rf2 Bh6 21. Nf1 {0-1 Sepulveda,C-Escobar,D ARAIS tt Santiago de Chile 1994}) ({RR} 6... b5 7. Be3 Bb7 8. Nbd2 Nbd7 9. O-O O-O 10. c4 bxc4 11. Bxc4 Nxe4 12. Nxe4 Bxe4 13. Ng5 d5 14. Nxe4 dxc4 15. Rc1 Nb6 16. Nc5 Qd5 17. Qd2 Rfd8 18. Rfd1 a5 19. b3 cxb3 20. axb3 Nd7 21. Qc2 {½-½ Buffoni,L-Tinari,M Academia Cup op 1997}) 7. O-O b5 8. a3 Nbd7 9. Qe2 c5 10. Nbd2 Bb7 11. Re1 Re8 12. Nf1 c4 13. Bc2 e5 14. Ng3 d5 15. Be3 dxe4 16. Nd2 exd4 17. cxd4 Nb6 18. Bg5 Qxd4 19. Ndxe4 Nxe4 20. Bxe4 f5 21. Rad1 Qc5 22. Be3 Qc7 23. Bxb7 Qxb7 24. Qc2 Nd5 25. Bg5 h6 26. Bh4 Re5 27. Rxe5 Bxe5 28. Nxf5 Nf4 29. Ne3 Rf8 30. g3 Nxh3+ 31. Kh2 Rxf2+ 32. Qxf2 Nxf2 33. Rd8+ Kf7 34. Nd5 g5 0-1

[Event "Olympiad Women 2024"]
[Site "Budapest HUN"]
[Date "2024.09.19"]
[Round "8.75"]
[Board "1"]
[White "Ruddy, Rachel"]
[Black "Lima, Izidora Lourenco"]
[Result "1/2-1/2"]
[WhiteElo "1662"]
[BlackElo "1579"]
[PlyCount "114"]
[EventDate "2024.09.11"]
[WhiteTeam "Jersey"]
[BlackTeam "Sao Tome and Principe"]
[BlackTeamCountry "SAO"]

1. Nf3 d5 2. g3 g6 3. Bg2 Nf6 4. d3 Bg7 5. O-O c6 ({RR} 5... Nc6 6. Qe1 e5 7. e4 O-O 8. Nbd2 Re8 9. a3 a5 10. a4 h6 11. Qe2 Be6 12. c3 Qd7 13. Re1 Rad8 14. Nf1 Bh3 15. N3d2 Bxg2 16. Kxg2 Qc8 17. Qf3 Qg4 18. Qxg4 Nxg4 19. Nb3 f5 20. exd5 {1-0 Kobalia,M (2643)-Galkin,A (2600) ACP Blitz Playchess.com INT 2006 (5)}) 6. a4 $146 ({RR} 6. Nbd2 Nbd7 7. e4 dxe4 8. dxe4 Qc7 9. c3 Nb6 10. Qc2 O-O 11. a4 a5 12. Re1 e5 13. Bf1 Be6 14. Ng5 Bd7 15. Nc4 h6 16. Nf3 Nxc4 17. Bxc4 Bg4 18. Nh4 Kh7 19. f3 Bh3 20. Be3 b6 {1-0 De Britto,R-Cantanhede,H (2021) Mangini Memorial 2000 (6)}) ({RR} 6. Nbd2 Bf5 7. Re1 O-O 8. Nh4 Bg4 9. h3 Bc8 10. e4 dxe4 11. dxe4 e5 12. Nc4 Qc7 13. Nf3 Rd8 14. Qe2 Nh5 15. Bd2 b5 16. Ba5 Qe7 17. Bxd8 Qxd8 18. Rad1 Qc7 19. Ne3 Nd7 20. Qd2 Bf8 {1-0 Marchenko,D-Zakharov,Y (1379) Korchnoi Mem Open 2023 (6.145)}) ({RR} 6. Nbd2 Nbd7 7. e4 dxe4 8. dxe4 e5 9. c3 Qc7 10. Qc2 b6 11. a4 a5 12. b3 Bb7 13. Ba3 c5 14. Rfe1 O-O 15. Rad1 Ba6 16. Nf1 Rad8 17. Ne3 Rfe8 18. Nd2 Nb8 19. Ndc4 Bxc4 20. Nxc4 Nc6 {1-0 Praznik,N-Pukl,D SLO-ch U16 Slovenia 1992}) ({RR} 6. c3 Nbd7 7. Qc2 O-O 8. e4 dxe4 9. dxe4 Qc7 10. Re1 e5 11. h3 b5 12. Be3 Bb7 13. a4 a6 14. Nbd2 Rfc8 15. c4 b4 16. c5 a5 17. Nc4 Ba6 18. Nd6 Rf8 19. Red1 h6 20. Rd2 Ra7 {0-1 De Sousa Filho,A (1847)-De Brito Buarque,H (1930) Fortaleza Borges Memorial 2012 (5)}) 6... O-O 7. Nbd2 Re8 8. Re1 e5 9. e4 d4 10. a5 Bg4 11. h3 Bxf3 12. Nxf3 Nbd7 13. Rf1 c5 14. b3 b6 15. axb6 axb6 16. Rxa8 Qxa8 17. Nh2 Qb8 18. f4 Qc7 19. f5 h6 20. fxg6 fxg6 21. g4 g5 22. Rf5 Qd8 23. h4 Nh7 24. hxg5 Nxg5 25. Nf3 Nxf3+ 26. Qxf3 Rf8 27. Qh3 Rxf5 28. exf5 Qf6 29. Qh5 Kf8 30. Be4 Qf7 31. Qh4 Qf6 32. g5 hxg5 33. Bxg5 Qd6 34. Kf1 Nf6 35. Bh6 Bxh6 36. Qxh6+ Ke7 37. Qg7+ Kd8 38. Bg2 Ne8 39. Qg6 Qxg6 40. fxg6 Ng7 41. Kf2 Ke7 42. Bd5 Nf5 43. Be4 Ne3 44. Kg3 Kf6 45. Kh4 Nxc2 46. Kh5 Kg7 47. Kg5 Ne3 48. Bc6 Nf1 49. Kf5 Nd2 50. Kxe5 Nxb3 51. Kf5 Nd2 52. Bb5 Nb1 53. Bc4 Na3 54. Bf7 b5 55. Ke4 c4 56. Kxd4 cxd3 57. Kxd3 Nc4 1/2-1/2

[Event "Olympiad Women 2024"]
[Site "Budapest HUN"]
[Date "2024.09.19"]
[Round "8.76"]
[Board "1"]
[White "Andhin, Chethanah"]
[Black "Asha huang Limboo"]
[Result "1-0"]
[WhiteElo "1607"]
[BlackElo "1420"]
[PlyCount "94"]
[EventDate "2024.09.11"]
[WhiteTeam "Mauritius"]
[BlackTeam "Bhutan"]
[WhiteTeamCountry "MRI"]
[BlackTeamCountry "BTN"]

1. d4 Nf6 2. Bf4 d5 3. Nf3 Nc6 4. e3 a6 5. c3 Bf5 6. Be2 ({RR} 6. Bd3 Ne4 7. Qc2 Qd7 8. Nbd2 Nxd2 9. Qxd2 Bxd3 10. Qxd3 f6 11. O-O O-O-O 12. b4 Na7 13. a4 c6 14. Rfb1 g5 15. Bg3 h5 16. h4 g4 17. Nd2 Bg7 18. b5 cxb5 19. axb5 Nxb5 20. c4 Nc7 {1-0 Felix,T (1677)-Leah Williams Olympiad Women 2024 (2.83)}) 6... e6 7. Nbd2 Bd6 8. Bg3 Bxg3 $146 ({RR} 8... Qe7 9. Qb3 Rb8 10. O-O Bxg3 11. hxg3 h6 12. c4 O-O 13. cxd5 exd5 14. Rfc1 Rfe8 15. Bd3 Bxd3 16. Qxd3 Nb4 17. Qb3 Nc6 18. a3 Red8 19. Qc2 Rd6 20. Qb3 Ne4 21. Rc2 Nxd2 22. Nxd2 Qf6 23. Rac1 {1-0 Jayathilake,M (1576)-Bandara,D SRI-chB (Women) 2014 (1)}) 9. hxg3 h6 10. Nb3 Ne4 11. Nfd2 Qe7 12. Nxe4 Bxe4 13. f3 Bg6 14. Nc5 b5 15. a4 O-O 16. axb5 axb5 17. Bxb5 Rxa1 18. Qxa1 Qg5 19. Kf2 Nb8 20. Rh4 c6 21. Rg4 Qf5 22. Bd3 Qf6 23. Bxg6 fxg6 24. Rf4 Qe7 25. Rxf8+ Kxf8 26. Qa8 Qe8 27. Nxe6+ Qxe6 28. Qxb8+ Kf7 29. Qc7+ Kg8 30. Qf4 Qc8 31. Qd6 Kh7 32. e4 dxe4 33. fxe4 Qb7 34. Qb4 Qd7 35. Qf8 Qa7 36. e5 Qa2 37. Qb4 Qe6 38. c4 Qf5+ 39. Kg1 Qd3 40. Qc3 Qxc3 41. bxc3 g5 42. d5 cxd5 43. cxd5 Kg6 44. g4 h5 45. gxh5+ Kf5 46. e6 Ke5 47. e7 Kd6 1-0

[Event "Olympiad Women 2024"]
[Site "Budapest HUN"]
[Date "2024.09.19"]
[Round "8.76"]
[Board "3"]
[White "Beekhy, Aamirah"]
[Black "Yeshey lhaden"]
[Result "1-0"]
[WhiteElo "1600"]
[BlackElo "1514"]
[PlyCount "77"]
[EventDate "2024.09.11"]
[WhiteTeam "Mauritius"]
[BlackTeam "Bhutan"]
[WhiteTeamCountry "MRI"]
[BlackTeamCountry "BTN"]

1. d4 Nf6 2. Bf4 g6 3. e3 Bg7 4. Nf3 d6 5. c3 O-O 6. Be2 Bf5 ({RR} 6... b6 7. O-O Bb7 8. c4 Nbd7 9. Nc3 Ne4 10. Nxe4 Bxe4 11. h4 e5 12. Bg3 Qe7 13. Qa4 f5 14. Rad1 Kh8 15. Rfe1 Bb7 16. dxe5 Nxe5 17. Nxe5 Bxe5 18. Bxe5+ Qxe5 19. Qa3 f4 20. exf4 Qxf4 21. Qc3+ {½-½ Dreev,A (2625)-Krasenkow,M (2570) Moscow4 1991}) 7. Nbd2 ({RR} 7. O-O c6 8. Bd3 Bxd3 9. Qxd3 d5 10. h3 Ne4 11. Nfd2 f5 12. Nf3 Nd7 13. Nbd2 e6 14. Ne5 Nxe5 15. dxe5 Nxd2 16. Qxd2 Qc7 17. Rfd1 Bxe5 18. Bxe5 Qxe5 19. Qd4 Qxd4 20. Rxd4 e5 21. Rd3 Rfd8 {0-1 Samper Alarcon,J (1604)-Gines Abad,P (1972) Aragon-ch Seniors-A 2017 (1)}) 7... Nbd7 8. Qb3 $146 ({RR} 8. Nh4 Be6 9. e4 c6 10. g4 d5 11. e5 Ne4 12. Nxe4 dxe4 13. f3 h6 14. Be3 Qb6 15. g5 {1-0 Van Wyk,W-Rossouw,P RSA-chT U14 Cape Town 2002 (2)}) ({RR} 8. O-O Nh5 9. Bg5 Nhf6 10. Bf4 c6 11. h3 Nb6 12. Nb3 a5 13. Bd3 Bxd3 14. Qxd3 a4 15. Nbd2 Nfd7 16. Rfe1 d5 17. Rad1 f6 18. Nf1 e5 19. dxe5 fxe5 20. Bg5 Bf6 21. Bxf6 Qxf6 22. Qe2 e4 {0-1 Petricevic,M-Drenski,D (1563) CRO-ch U13 Trogir 2016 (5)}) 8... Nb6 9. h3 Be6 10. Qc2 c5 11. O-O Nbd5 12. Bh2 cxd4 13. exd4 Nh5 14. Qd1 Nhf4 15. Re1 Qd7 16. Ng5 Nxh3+ 17. Nxh3 Bxh3 18. gxh3 Qxh3 19. Bf1 Qh4 20. Qf3 Qg5+ 21. Bg2 Qxd2 22. Qxd5 Qxb2 23. Qb3 Qxb3 24. axb3 Rfe8 25. Bxb7 Rab8 26. Rxa7 Kf8 27. Rea1 e5 28. Bd5 Rb5 29. Bc6 Rxb3 30. Bxe8 Kxe8 31. dxe5 dxe5 32. Ra8+ Kd7 33. R1a7+ Ke6 34. Re8+ Kd5 35. Rxf7 Ke4 36. Rxg7 Kf3 37. Rf7+ Kg4 38. Rxe5 h5 39. Rf4+ 1-0

[Event "Olympiad Women 2024"]
[Site "Budapest HUN"]
[Date "2024.09.20"]
[Round "9.1"]
[Board "1"]
[White "Assaubayeva, Bibisara"]
[Black "Kashlinskaya, Alina"]
[Result "1/2-1/2"]
[WhiteElo "2482"]
[BlackElo "2490"]
[PlyCount "71"]
[EventDate "2024.09.11"]
[WhiteTeam "Kazakhstan"]
[BlackTeam "Poland"]
[WhiteTeamCountry "KAZ"]
[BlackTeamCountry "POL"]

1. e4 e5 2. Nf3 Nc6 3. Bc4 Bc5 4. Nc3 d6 5. Na4 Qf6 ({RR} 5... Bb6 6. c3 Nf6 7. d3 Ne7 8. Bg5 Ng6 9. Nxb6 axb6 10. Nh4 Nxh4 11. Bxh4 Qe7 12. O-O Be6 13. Bb5+ c6 14. Ba4 h6 15. f3 b5 16. Bc2 g5 17. Bf2 Nh5 18. g3 Rg8 19. Kh1 g4 20. Be3 {½-½ Paravyan,D (2647)-Aronian,L (2781) Levitov Christmas Online Final blitz 2020 (1.8)}) 6. c3 ({RR} 6. Nxc5 dxc5 7. c3 Nge7 8. d3 Bg4 9. h3 Bh5 10. g4 Bg6 11. Be3 O-O-O 12. Qe2 Qd6 13. Nh4 a6 14. O-O-O f6 15. Nf5 Bxf5 16. gxf5 g6 17. Qf3 gxf5 18. exf5 Nd5 19. Rhg1 Nf4 20. Kb1 Kb8 {½-½ Mamedov,R (2651)-Kozak,A (2607) Grand Prix Bucharest 2024 (7.2)}) ({RR} 6. Nxc5 dxc5 7. O-O Bg4 8. Be2 Nge7 9. d3 h6 10. Be3 b6 11. Nd2 Bxe2 12. Qxe2 Nd4 13. Qd1 Ng6 14. a4 O-O 15. g3 Qc6 16. c3 Ne6 17. Nc4 Rad8 18. h4 Nef4 19. gxf4 exf4 20. h5 f5 {½-½ Assaubayeva,B (2472)-Moosavifar,S (2283) Baku Open 2024 (2.15)}) 6... Nge7 7. b4 $146 ({RR} 7. h3 O-O 8. d3 Bb6 9. g4 g6 10. Bg5 Qg7 11. Qd2 Be6 12. Nxb6 axb6 13. Bxe6 fxe6 14. Bh6 Qf6 15. Ng5 d5 16. O-O Kh8 17. Rae1 Ng8 18. Bxf8 Rxf8 19. exd5 exd5 20. f4 exf4 21. Ne6 g5 {1-0 Kruppa,Y (2435)-Dautov,R (2525) URS-ch Army Frunze 1988}) 7... Bb6 8. O-O Bg4 9. Be2 Ng6 10. d3 Nf4 11. Bxf4 Qxf4 12. Nd2 Bxe2 13. Qxe2 O-O 14. Nc4 f5 15. Naxb6 axb6 16. a4 Qg5 17. f3 Ne7 18. a5 b5 19. Ne3 c6 20. c4 bxc4 21. dxc4 fxe4 22. fxe4 Rf4 23. Qd3 Qg6 24. Rxf4 exf4 25. Nf5 Nxf5 26. exf5 Qe8 27. Rd1 h6 28. h3 Qe5 29. Qxd6 Qxf5 30. Qe7 Qc2 31. Rf1 Rf8 32. Qxb7 f3 33. Rxf3 Rxf3 34. gxf3 Qd1+ 35. Kf2 Qd2+ 36. Kf1 1/2-1/2

[Event "Olympiad Women 2024"]
[Site "Budapest HUN"]
[Date "2024.09.20"]
[Round "9.1"]
[Board "2"]
[White "Socko, Monika"]
[Black "Kamalidenova, Meruert"]
[Result "1/2-1/2"]
[WhiteElo "2422"]
[BlackElo "2352"]
[PlyCount "95"]
[EventDate "2024.09.11"]
[WhiteTeam "Poland"]
[BlackTeam "Kazakhstan"]
[WhiteTeamCountry "POL"]
[BlackTeamCountry "KAZ"]

1. d4 Nf6 2. Nf3 g6 3. c4 Bg7 4. Nc3 d5 5. Bg5 Ne4 6. cxd5 Nxg5 7. Nxg5 e6 8. Nf3 exd5 9. e3 O-O 10. Bd3 b6 11. O-O c5 12. dxc5 bxc5 13. Rc1 Be6 14. Na4 c4 15. Be2 $146 ({RR} 15. Bb1 Qa5 16. Nc3 Nc6 17. Qe2 Rab8 18. Rfd1 Bf6 19. Rd2 Rb6 20. Qd1 Ne7 21. Nd4 Rfb8 22. Rcc2 Bxd4 23. Rxd4 Rxb2 24. e4 Rxc2 25. Qxc2 Qxc3 {0-1 Maggiolo,S (2070)-German,S (2320) Buenos Aires IVESS op 1995 (5)}) 15... Nc6 16. b3 Qa5 17. Ng5 Bd7 18. Bxc4 Nb4 19. a3 dxc4 20. Qxd7 Qxg5 21. axb4 Rfd8 22. Qc6 cxb3 23. Qc4 b2 24. Rc2 Rab8 25. Nxb2 Qb5 26. Qxb5 Rxb5 27. Nc4 Rxb4 28. Na5 Ra4 29. Nc6 Rd7 30. g3 Rc7 31. Rb1 Bf6 32. Kf1 Ra6 33. Nb4 Rxc2 34. Nxc2 Ra2 35. Nb4 Ra5 36. Rc1 Ra1 37. Rxa1 Bxa1 38. Nc6 a6 39. Ke2 Bc3 40. Kd3 Be1 41. Ke2 Bc3 42. Kd3 Be1 43. f3 Kg7 44. Ke2 Bc3 45. Kd3 Be1 46. Ke2 Bc3 47. Kd3 Be1 48. Ke2 1/2-1/2

[Event "Olympiad Women 2024"]
[Site "Budapest HUN"]
[Date "2024.09.20"]
[Round "9.1"]
[Board "3"]
[White "Balabayeva, Xeniya"]
[Black "Kiolbasa, Oliwia"]
[Result "1/2-1/2"]
[WhiteElo "2335"]
[BlackElo "2348"]
[PlyCount "78"]
[EventDate "2024.09.11"]
[WhiteTeam "Kazakhstan"]
[BlackTeam "Poland"]
[WhiteTeamCountry "KAZ"]
[BlackTeamCountry "POL"]

1. d4 d5 2. Nf3 Nf6 3. Bf4 c5 4. e3 Nc6 5. Nbd2 Bg4 6. Be2 e6 7. O-O cxd4 8. exd4 Bd6 9. Bxd6 Qxd6 10. c3 O-O 11. a4 $146 ({RR} 11. Re1 b6 12. Ba6 Rab8 13. Qa4 Ne7 14. Ne5 Bf5 15. Bb5 a5 16. Nf1 Ng6 17. Qd1 Ne7 18. g4 Bg6 19. h4 h6 20. Ng3 Rbd8 21. f3 Ne8 22. Kg2 Nc7 23. Be2 f6 24. Nd3 f5 25. Qd2 fxg4 {1-0 Eret,J (2130)-Cibulka,J (1521) CZE-ch rapid U20 2020 (9)}) ({RR} 11. Ne5 Bxe2 12. Qxe2 a6 13. f4 Nd7 14. Rae1 b5 15. Nb3 Rab8 16. Rf3 Rfe8 17. Rh3 f5 18. Rxh7 Kxh7 19. Qh5+ Kg8 20. Qf7+ Kh7 21. Re3 {1-0 Covic,F (2368)-Mirimanian,H (2240) Titled Tuesday intern op 4th June blitz 2019 (6)}) 11... Nd7 12. Re1 h6 13. Nf1 Bf5 14. Ng3 Bg6 15. a5 a6 16. Bf1 Rfe8 17. Qd2 Qc7 18. b4 Nf6 19. Ne5 Ne4 20. Nxe4 Bxe4 21. Nxc6 Qxc6 22. Re3 Rac8 23. Qb2 Qd6 24. b5 axb5 25. Bxb5 Re7 26. Qb4 Qc7 27. c4 e5 28. dxe5 Rxe5 29. Rae1 Rh5 30. g3 Qc5 31. Qxc5 Rxc5 32. f3 dxc4 33. g4 Rhg5 34. h4 Rg6 35. Bxc4 Rxc4 36. Rxe4 Rxe4 37. Rxe4 Ra6 38. Re8+ Kh7 39. Re7 f6 1/2-1/2

[Event "Olympiad Women 2024"]
[Site "Budapest HUN"]
[Date "2024.09.20"]
[Round "9.1"]
[Board "4"]
[White "Sliwicka, Alicja"]
[Black "Nurman, Alua"]
[Result "0-1"]
[WhiteElo "2373"]
[BlackElo "2324"]
[PlyCount "172"]
[EventDate "2024.09.11"]
[WhiteTeam "Poland"]
[BlackTeam "Kazakhstan"]
[WhiteTeamCountry "POL"]
[BlackTeamCountry "KAZ"]

1. e4 c5 2. Nf3 d6 3. d4 cxd4 4. Nxd4 Nf6 5. Nc3 a6 6. f3 e5 7. Nb3 Be6 8. Be3 h5 9. Qd2 Nbd7 10. Nd5 Bxd5 11. exd5 Rc8 12. O-O-O Nb6 13. Qa5 Qc7 14. c3 Nbd7 15. Qb4 $146 ({RR} 15. Kb1 g6 16. Qb4 Bh6 17. Bxh6 Rxh6 18. f4 Ng4 19. fxe5 Ngxe5 20. Qf4 Rh8 21. Be2 Kf8 22. Nd4 Kg8 23. h4 Re8 24. g4 hxg4 25. h5 gxh5 26. Ne6 Qb6 27. Qg5+ Ng6 28. Bxg4 Nde5 29. Qf6 fxe6 {1-0 Jakovenko,D (2681)-Martinez Alcantara,J (2596) FIDE World Cup 2019 (1.1)}) 15... Be7 16. h4 b5 17. Be2 Qb7 18. Na5 Qa8 19. Qb3 Nc5 20. Bxc5 Rxc5 21. Nc6 Nxd5 22. Nxe7 Kxe7 23. Bd3 Nf6 24. Rhe1 Rd8 25. Rd2 Kf8 26. Kb1 Qc6 27. Qd1 g6 28. g4 Qc7 29. Bc2 a5 30. Rd3 Kg7 31. g5 Ng8 32. f4 exf4 33. Rf3 d5 34. Ref1 Rc4 35. Bd3 Re4 36. Qc1 Re7 37. Rxf4 Qc5 38. Bc2 Rdd7 39. Qd2 Re5 40. Qd3 Re6 41. a3 Rde7 42. Ka2 Re4 43. Bb3 Rxf4 44. Rxf4 Rd7 45. Qh3 Qc7 46. Rd4 Ne7 47. Qf1 Nf5 48. Rd2 Qc5 49. Ka1 Rd6 50. Qh1 b4 51. cxb4 axb4 52. a4 Nd4 53. Rd3 Nxb3+ 54. Rxb3 Ra6 55. Qe1 Rxa4+ 56. Kb1 Qd4 57. Rf3 Ra7 58. Qe2 Rb7 59. Rd3 Qxh4 60. Qe5+ Kh7 61. Qxd5 Re7 62. Ka2 Qe4 63. Qb5 Qe6+ 64. Kb1 Qf5 65. Qxf5 gxf5 66. Rd6 Re6 67. Rd4 Rb6 68. Rd8 Kg7 69. Kc2 Re6 70. Rb8 Re4 71. Rb6 f4 72. Rh6 f3 73. Rf6 Re3 74. Kd2 Re2+ 75. Kd1 Rxb2 76. Rxf3 Rg2 77. Rf5 b3 78. Kc1 b2+ 79. Kb1 h4 80. Rf3 Kg6 81. Rf6+ Kxg5 82. Rxf7 h3 83. Ka2 Kg4 84. Rg7+ Kf5 85. Rf7+ Ke6 86. Rf1 h2 0-1

[Event "Olympiad Women 2024"]
[Site "Budapest HUN"]
[Date "2024.09.20"]
[Round "9.2"]
[Board "1"]
[White "Ouellet, Maili-Jade"]
[Black "Gaal, Zsoka"]
[Result "1-0"]
[WhiteElo "2318"]
[BlackElo "2385"]
[PlyCount "109"]
[EventDate "2024.09.11"]
[WhiteTeam "Canada"]
[BlackTeam "Hungary"]
[WhiteTeamCountry "CAN"]
[BlackTeamCountry "HUN"]

1. d4 Nf6 2. c4 e6 3. Nc3 Bb4 4. Qc2 b6 5. e4 c5 6. d5 Qe7 7. Nge2 exd5 8. exd5 O-O 9. Bg5 h6 10. Bh4 d6 11. O-O-O a6 12. a3 ({RR} 12. Kb1 b5 13. a3 Ba5 14. cxb5 axb5 15. Nxb5 g5 16. Bg3 Ne4 17. f3 Bf5 18. fxe4 Bxe4 19. Rd3 Ra6 20. Nec3 Bg6 21. Ka2 c4 22. h4 Nd7 23. hxg5 hxg5 24. Qd1 cxd3 25. Bxd3 Nc5 26. Bxg6 fxg6 {1-0 Bok,B (2620)-Cristobal,M (2257) Titled Tue 6th Feb Late 2024 (3)}) 12... Ba5 13. Kb1 $146 ({RR} 13. h3 Bd7 14. Ng1 b5 15. Bd3 g5 16. Bg3 b4 17. axb4 cxb4 18. Nce2 Re8 19. Nd4 Ra7 20. Ngf3 b3 21. Qxb3 Rc8 22. Qa3 Qd8 23. Nc2 Bb6 24. Bxd6 Ne8 25. Be7 Qc7 26. Rd2 a5 27. Re1 Na6 {0-1 Asllani,D (2226)-kiladze,L (2030) World Youth U16 Olympiad 2023 (7.13)}) 13... Nbd7 14. f4 b5 15. Ng3 Bxc3 16. Nf5 Qd8 17. Qxc3 b4 18. Qg3 g6 19. Nxh6+ Kh7 20. Ng4 Kg7 21. axb4 Ne4 22. Qe1 Qe8 23. Bd3 f5 24. Nf2 cxb4 25. Bxe4 fxe4 26. Nxe4 Rxf4 27. Nxd6 Qxe1 28. Bxe1 Nb6 29. g3 Rxc4 30. Nxc4 Bf5+ 31. Ka2 Nxc4 32. Bxb4 Ne3 33. Bc3+ Kf7 34. Rd4 Nxd5 35. Re1 Be6 36. Ka1 Rc8 37. Ra4 Rc6 38. Bd4 Bf5 39. b3 Bd3 40. Bb2 Bf5 41. Rd4 Be6 42. Re5 Rc5 43. g4 Rb5 44. h4 a5 45. h5 gxh5 46. gxh5 Rxb3 47. Rdxd5 Bxd5 48. Rxd5 a4 49. h6 Kg6 50. Bc1 Rh3 51. Rd7 Rh2 52. Rg7+ Kf5 53. h7 Rh1 54. Ka2 Rh2+ 55. Bb2 1-0